00480nam a2200193Ia 4500003000400000005001700004008004100021020001600062040000700078041000800085082002100093100002500114245004400139260004500183300001200228365001300240650001400253650001900267OSt20230323115816.0210423s2007 xx 000 0 und d a19569566012 cAL aeng a338.5 223bSALD aSALVATORE (Dominick) aMicroeconomics: theory and applications aNew DelhibOxford University Pressc2007 axli,724 b350cINR aEconomics aMicroeconomics